000 00900nas a2200313 4500
001 BR2017000514
003 BR-BrBNA
005 20231205130847.0
007 ta
008 230509b bl.|||p| |||| 00| 00por d
040 _aBR-BrBNA
_bpor
_cBiblioteca Nacional de Agricultura
041 _a(Pt)
072 _aK50
100 1 _aBulington, E.A.
100 1 _aHaselein, C.R.
100 1 _aGatto, D.A.
100 1 _aSatini, E.J.
100 1 _aRauber, R.
100 1 _aBerger, C.
245 1 _aPropriedades físico-mecânicas de painéis de lâminas paralelas reforçadas com PRFV
650 _aLAMINADO
650 _aPAINEL DE MADEIRA
650 _aCASCA
650 _aRESINA
650 _aPINUS ELLIOTTII
773 0 _tCiência Florestal (Brazil)
_xISSN 0103-9954
_g(Sep 2015), v. 25(3) p. 731-741
_wBR2017000514
909 _a202311
_bLúcia
_c55
_dLúcia Elande
942 _2AGRIS
_n0
_cANA
999 _c251701
_d251701